zpět

Detail výsledku týmu

Nová Sportovka, Liberec

Datum a čas kvízu

33 Celkem bodů Celkový počet nahraných bodů na tomto kvízu bez doplňovacích otázek.
5. Pořadí na kvízu Konečné umístění týmu na tomto kvízu.

Zaznamenané odpovědi

# Otázka Odpověď Body Výsledky
1. Ředitel pražské zoologické zah... Miroslav Bobek 0
2. Minulé pondělí byly oznámeny k... Moldavsko (Moldávie) 1
3. U příležitosti narozenin jedné... Marta Kubišová 1
4. Minulý týden jsme se dozvěděli... Allwyn 0
5. Nejvyšší česká fotbalová liga... FC Viktoria Plzeň, FK Pardubice 0
6. Wikipedii s nejvyšší pravděpod... z havajštiny 0
7. Fanoušci kvízu občas jistě se... D 0
8. Dobrým zdrojem informací jsou... Jsi chytřejší než páťák? 1
9. Mnemotechnické pomůcky se hodí... struny na kytaře (pořadí strun/tónů) 0
10. Někdy však k úspěchu v kvízu s... 1D 2A 3B 4C 1